Handbuch der Justiz / 33. Jahrgang (2016/2017)
| Format: | Print Book |
|---|---|
| Language: | German |
| Published: |
[2016]
|
| In: |
Handbuch der Justiz die Träger und Organe der rechtsprechenden Gewalt in der Bundesrepublik Deutschland
Year: 2016 |
| Availability in Tübingen: | Present in Tübingen. IFK: X I 11 |
| Check availability: | HBZ Gateway |
| Subito Delivery Service: | Order now. |
MARC
| LEADER | 00000cam a2200000 cc4500 | ||
|---|---|---|---|
| 001 | 151184518X | ||
| 003 | DE-627 | ||
| 005 | 20181127145318.0 | ||
| 007 | tu | ||
| 008 | 150723s2016 xx ||||| 00| ||ger c | ||
| 020 | |a 9783811441569 |9 978-3-8114-4156-9 | ||
| 035 | |a (DE-627)151184518X | ||
| 035 | |a (DE-576)441845185 | ||
| 035 | |a (DE-599)BSZ441845185 | ||
| 040 | |a DE-627 |b ger |c DE-627 |e rda | ||
| 041 | |a ger | ||
| 084 | |a PC 3100 |2 rvk |0 (DE-625)rvk/135071: | ||
| 245 | 0 | 0 | |a Handbuch der Justiz |n 33. Jahrgang (2016/2017) |
| 264 | 1 | |c [2016] | |
| 264 | 4 | |c © 2016 | |
| 300 | |a XVI, 820 Seiten | ||
| 336 | |a Text |b txt |2 rdacontent | ||
| 337 | |a ohne Hilfsmittel zu benutzen |b n |2 rdamedia | ||
| 338 | |a Band |b nc |2 rdacarrier | ||
| 773 | 1 | 8 | |a Handbuch der Justiz die Träger und Organe der rechtsprechenden Gewalt in der Bundesrepublik Deutschland |w (DE-627)129073458 |w (DE-576)014405679 |w (DE-600)2357-7 |x 0073-0092 |g 33. Jahrgang (2016/2017) |q 2016,33 |7 nnas |
| 935 | |h SWB |i vSatz | ||
| 936 | r | v | |a PC 3100 |b Behörden und Ausschüsse, Gerichte, z.B. Handbuch der Justiz |k Rechtswissenschaft |k Allgemeines zum juristischen Studium und zur Rechtswissenschaft |k Organisation und Pflege der Wissenschaft, Justiz |k Behörden und Ausschüsse, Gerichte, z.B. Handbuch der Justiz |0 (DE-627)127114218X |0 (DE-625)rvk/135071: |0 (DE-576)20114218X |
| 951 | |a JV | ||
| ELC | |b 1 | ||
| LOK | |0 000 xxxxxcx a22 zn 4500 | ||
| LOK | |0 001 2935039068 | ||
| LOK | |0 003 DE-627 | ||
| LOK | |0 004 151184518X | ||
| LOK | |0 005 20160729122247 | ||
| LOK | |0 008 160729||||||||||||||||ger||||||| | ||
| LOK | |0 040 |a DE-21-110 |c DE-627 |d DE-21-110 | ||
| LOK | |0 852 |a DE-21-110 | ||
| LOK | |0 852 1 |c X I 11 |m p |9 00 | ||
| LOK | |0 938 |a 1608 | ||
| LOK | |0 938 |k p | ||
| LOK | |0 939 |a 29-07-16 |b l01 | ||
| ORI | |a SA-MARC-krimdoka001.raw | ||
| SIG | |a IFK: X I 11 | ||
